La obra de Enrique Gómez Carrillo y su proyección en la literatura hispanoamericana
Gardado en:
| Autor Principal: | |
|---|---|
| Formato: | Libro |
| Idioma: | Undetermined |
| Publicado: |
Guatemala
Dirección General de Cultura y Bellas Artes
1974
|
| Materias: | |
| Etiquetas: |
Engadir etiqueta
Sen Etiquetas, Sexa o primeiro en etiquetar este rexistro!
|
MARC
| LEADER | 00000nam a2200000Ia 4500 | ||
|---|---|---|---|
| 008 | 170316s9999 xx 000 0 und d | ||
| 090 | |a 801 E-2o | ||
| 100 | |a Echeverría, Amilcar | ||
| 245 | |a La obra de Enrique Gómez Carrillo y su proyección en la literatura hispanoamericana | ||
| 260 | |a Guatemala | ||
| 260 | |b Dirección General de Cultura y Bellas Artes | ||
| 260 | |c 1974 | ||
| 300 | |a 130 páginas | ||
| 650 | |a TEORÍA LITERARIA | ||
| 650 | |a LITERATURA GUATEMALTECA | ||
| 650 | |a ENRIQUE GOMEZ CARRILLO | ||
| 650 | |a ANÁLISIS | ||
| 650 | |a CRÍTICA | ||
| 999 | |c 20253 |d 20253 | ||
| 040 | |a cru BVZT | ||
| 942 | |c 15 D |h 801 E-2o |2 z | ||
